00281nam a2200121Ia 4500008004000000041000800040082001200048100001500060245001900075260004200094650000800136650001500144210210b1945 xxu||||| |||| 00| 0 eng d aeng a828/662 aWALTON (J) aSix physicists aLondonbOxford University Pressc1945 aSix aphysicists